000 01394nam1a2200277 i 4500
001 RU\NLR\bibl\266170
005 20241115064739.0
035 _a(NLR Aleph) 000261743
090 _a1529072
_c1529072
100 _a20020522g20019999u y0rusy50 ca
101 0 _arus
102 _aRU
105 _ay |||||||||
200 1 _aНаша жизнь с богом
_eРуководство для преподавателя к пособию по катехизации для детей мл. шк. возраста (7-10 лет)
_eПервый год обучения
_fПроф. Свято-Владим. духов. семинарии Констанция Тарасар
_gОтд. религ. образования и катехизации Рус. Православ. Церкви, Отд. образования Православ. Автокеф. Церкви Америки
210 _aСПб.
_cС.-Петерб. христиан. просветит. о-во "Кредо"
_d2001
215 _d28
463 0 _1001246863
606 _aПравославное воспитание детей
_92074542
_3RU\NLR\auth\661249546
686 _aЭ372.24-681.7
700 1 _aТарасар
_bК.
_gКонстанция
_4070
801 0 _aRU
_bNLR
_c20020522
_gPSBO
801 1 _aRU
_bNLR
_c20020522
852 _aNLR
_j2002-8/886
942 _cBOOK